The Black Sea: Hub of Peoples and Cultures (8th Century BC-5th/6th Century AD)

محفوظ في:

مؤلفون آخرون: Tsetskhladze, Gocha R. (المحرر), Hargrave, James (المحرر), Manoledakis, Manolis (المحرر)

التنسيق: كتاب

منشور في: Oxford Archaeopress Publishing Ltd 2025

الوسوم: إضافة وسم

لا توجد وسوم, كن أول من يضع وسما على هذه التسجيلة!

رقم الطلب:

LEADER 00778namaa2200193 4500
001 9781803279336
003 UkOxAP
005 20260405155016.0
020 |a 9781803279343 
776 1 |x 9781803279336 
245 0 0 |a The Black Sea: Hub of Peoples and Cultures (8th Century BC-5th/6th Century AD) 
100 1 |a Tsetskhladze, Gocha R.  |e Editor  |l English 
700 1 |a Hargrave, James  |e Editor  |l English 
700 1 |a Manoledakis, Manolis  |e Editor  |l English 
856 4 2 |a http://library.arce.org:8087/Archaeopress/Products/9781803279343 
260 |a Oxford  |b Archaeopress Publishing Ltd  |c 2025 
270 |a Archaeopress Publishing Ltd, Summertown Pavillion, 18 -24 Middle Way, Summertown  |b Oxford  |d United Kingdom  |e OX2 7LG  |k 44-1865-311914  |m info@archaeopress.com 
942 |2 lcc  |c EBOOK 
999 |c 62088  |d 62088